[Event "FRA-chT Top 16 GpA"]
[Site "France"]
[Date "2010.05.02"]
[Round "7"]
[White "Philippe, Christophe"]
[Black "Housieaux, David"]
[Result "1/2-1/2"]
[WhiteElo "2428"]
[BlackElo "2431"]
[PlyCount "84"]
[EventDate "2010.03.26"]
[EventType "team-tourn"]
[EventRounds "7"]
[EventCountry "FRA"]
[SourceTitle "CBM 135 Extra"]
[Source "ChessBase"]
[SourceDate "2010.05.04"]
[SourceVersion "1"]
[SourceVersionDate "2010.05.04"]
[SourceQuality "1"]

1. e4 e6 2. d4 d5 3. e5 c5 4. c3 Nc6 5. Nf3 Qb6 6. Bd3 Bd7 7. dxc5 Bxc5 8. Qe2 a5 9. Nbd2 a4 10. b4 axb3 11. Nxb3 Ba3 12. 0-0 Nge7 13. Rb1 Qc7 14. Nbd4 Nd8 15. h4 h6 16. h5 0-0 17. Bd2 f5 18. exf6 Rxf6 19. Ne5 Nf5 20. g4 Nxd4 21. cxd4 Nc6 22. Nxc6 Bxc6 23. g5 hxg5 24. Bxg5 Raf8 25. Bxf6 Rxf6 26. f4 Bd6 27. Rf2 Bxf4 28. Rbf1 Bd7 29. Rg2 e5 30. dxe5 Bxe5 31. Rxf6 Bxf6 32. Qf3 Qc5+ 33. Kh1 Be5 34. Bg6 Bc6 35. Qf7+ Kh8 36. Rc2 Qb4 37. Rxc6 Qe1+ 38. Kg2 Qe2+ 39. Qf2 Qg4+ 40. Kf1 Qd1+ 41. Kg2 Qg4+ 42. Kf1 Qd1+ 1/2-1/2

[Event "FRA-chT Top 16 GpA"]
[Site "France"]
[Date "2010.04.30"]
[Round "5"]
[White "Housieaux, David"]
[Black "Domenech, Vianney"]
[Result "1-0"]
[WhiteElo "2431"]
[BlackElo "2050"]
[PlyCount "69"]
[EventDate "2010.03.26"]
[EventType "team-tourn"]
[EventRounds "7"]
[EventCountry "FRA"]
[SourceTitle "CBM 135 Extra"]
[Source "ChessBase"]
[SourceDate "2010.05.04"]
[SourceVersion "1"]
[SourceVersionDate "2010.05.04"]
[SourceQuality "1"]

1. d4 d5 2. c4 c6 3. Nf3 Nf6 4. Nc3 a6 5. a4 e6 6. g3 a5 7. Bg2 Be7 8. 0-0 0-0 9. Nd2 b6 10. Qb3 Na6 11. e4 Nb4 12. Rd1 Ba6 13. Bf1 Qc8 14. e5 Nd7 15. cxd5 cxd5 16. Bxa6 Qxa6 17. Nb5 Rac8 18. Nf3 Rc4 19. Bd2 Rfc8 20. Bc3 Qb7 21. Re1 Na6 22. h4 Nc7 23. Na3 Bxa3 24. Qxa3 b5 25. Qe7 b4 26. Qxd7 bxc3 27. bxc3 Rxc3 28. Rab1 Qa8 29. Ng5 Rf8 30. Rec1 Rxc1+ 31. Rxc1 h6 32. Nh3 Na6 33. Nf4 Nb4 34. Nxe6 Qe8 35. Nxf8 1-0